000 00370nam a2200121 4500
008 180208b xxu||||| |||| 00| 0 eng d
100 _926260
_aCrisostomo, Sheila.
245 _aDOH:
_b92 new HIV cases traced to paid sex/
_cSheila, Crisostomo.
260 _aPhilippines:
_bThe Philippine Star,
_cc2017.
300 _apage 3.
650 0 _926261
_aAIDS/HIV.
942 _2ddc
_cPER
999 _c8496
_d8496